000 00998nac a22001811u 4500
008 101107s2001 xxu||||| |||| 00| 0 ara d
082 _a301.20953
_bأ ن ص
100 _aالأنصاري ، محمد جابر
_920998
245 _aمساءلة الهزيمة :
_bجديد العقل العربي بين صدمة 1967 ومنعطف الألفية : ثقافة المراجعة بوجه التراجع /
_cمحمد جابر النصاري
260 _aبيروت :
_bالمؤسسة العربية للدراسات والنشر ،
_c2001.
300 _a158 ص ؛
_c24 سم.
500 _aDistributer : Al Moasasa Al Arabeya Lel Derasat Wa Al Nashr
500 _aيشتمل على فهارس
511 _aCatalogued by: Sara
650 _aالثقافة العربية
_913400
942 _cBB
_k301.20953 أ ن ص
_2ddc
999 _c7870
_d7870